000 00810cam a22002418a 4500
020 _a0442234856
020 _a978-1-4684-7489-3
082 0 0 _a624.1773
_bGER
_cMCE
100 1 _aWeaver, William,
_942920
245 1 0 _aMatrix analysis of framed structures /
_cWilliam Weaver, Jr., James M. Gere.
_bGere, James M.
250 _a3rd ed.
260 _aNew York, N.Y. :
_bVan Nostrand Reinhold,
_c1990.
300 _axii, 546 p. :
_bill. ;
_c24 cm.
526 _a0
_b0
_c0
_d624_177300000000000_GER
526 _a0
_b0
_c0
_d624_177300000000000_GER
526 _a0
_b0
_c0
_d624_177300000000000_GER
650 0 _aMatrices.
_92986
650 0 _aMCE
_9379
650 0 _aStructural analysis (Engineering)
_9654
700 1 _aGere, James M.
_92985
856 _uhttp://172.25.8.12:8080/browse/book/95
942 _2ddc
_cBK
999 _c550253
_d550253